Statistiques concernant Trouvez le chiffre manquant (version facile)

Cliquez ici pour prendre le quiz!

Statistiques générales

  • Ce quiz a été pris 259 fois
  • Le résultat moyen est 10 sur 16

Statistiques - réponses

ChiffresChiffres manquants% Correct
B1235678904
99%
A1234578906
99%
D0987654213
97%
C1234567809
97%
E0987653214
95%
F0192837465
88%
G5473621098
81%
H8670935241
78%
I4791356082
68%
J1359246807
56%
K0987563124
43%
L5214368970
27%
M09876543223451
18%
N24601357927508
13%
O56789042171209743
9%
P112233557788994006
7%

Distribution des résultats

Percentile par nombre de réponses

% des personnes avec chaque résultat

Votre développement - résultats

Vous n’avez pas pris ce quiz